|
|
|
|
| LEADER |
00000nam a2200000 a 4500 |
| 001 |
vtls009287921 |
| 003 |
SK-MaSNL |
| 005 |
20260302043204.0 |
| 008 |
240318s2008 xo ol f 000 0 slo |
| 015 |
|
|
|a SNBA2008/09-04194
|
| 020 |
|
|
|a 9788096987726
|q (brož.)
|
| 035 |
|
|
|a 5170C9EC-B13F-4843-B85E-0F5B17FFB2B1
|
| 035 |
|
|
|a urn:nbn:sk:snk-aml075
|
| 035 |
|
|
|a urn:nbn:sk:snk-am008ofk
|
| 040 |
|
|
|a SNK
|b slo
|c SNK
|e AACR2
|
| 041 |
0 |
|
|a slo
|
| 044 |
|
|
|a xo
|c SK
|
| 072 |
|
7 |
|a 331
|x Práca
|2 konspekt
|
| 080 |
|
|
|a 331.102-027.553
|2 2001
|
| 080 |
|
|
|a 332
|2 2001
|
| 080 |
|
|
|a (036)
|2 2001
|
| 100 |
1 |
|
|a Kubina, Milan,
|d 1973-
|4 aut
|9 189616
|
| 245 |
1 |
0 |
|a Teleworking v regiónoch
|b informačná brožúra k projektu "Teleworking v regiónoch" (č. projektu: 2005/2.2/01/039 : projekt spolufinancovaný Európskou úniou : Európsky sociálny fond
|c Milan Kubina, Viliam Lendel, Tomáš Remek
|
| 250 |
|
|
|a [1. vyd.]
|
| 260 |
|
|
|a Žilina
|b TeleVox
|c 2008
|
| 300 |
|
|
|a 109 s., [6] s. fareb. fotogr. príl.
|b sch., tab.
|e 1 DVD
|
| 504 |
|
|
|a Bibliogr. s. 103
|
| 650 |
0 |
7 |
|a teleworking
|2 SNKPH
|9 26232
|
| 650 |
0 |
7 |
|a práca z domova
|2 SNKPH
|9 104922
|
| 650 |
0 |
7 |
|a Work at home
|2 SNKPHeng
|9 507850
|
| 650 |
0 |
7 |
|a regióny
|2 SNKPH
|9 2350
|
| 650 |
0 |
7 |
|a Regions
|2 SNKPHeng
|9 312929
|
| 655 |
|
7 |
|a informačné publikácie
|2 SNKPH
|9 70181
|
| 655 |
|
7 |
|a Information publications
|2 SNKPHeng
|9 265188
|
| 700 |
1 |
|
|a Lendel, Viliam,
|d 1982-
|4 aut
|9 9445
|
| 700 |
1 |
|
|a Remek, Tomáš
|4 aut
|9 697031
|
| 919 |
|
|
|a 978-80-969877-2-6
|
| 958 |
|
|
|a NB
|
| 958 |
|
|
|a OND
|
| 968 |
|
|
|d 33
|
| 999 |
|
|
|c 1085721
|d 1087651
|
| 952 |
|
|
|a SNK
|b SNK
|y PREZ
|7 0
|p 17A0586666
|o snkSC 131776
|i snk2008/9090
|8 0
|3 Príloha: 1 DVD
|0 0
|1 0
|4 0
|d 2008-04-22
|f 1
|l 0
|r 2025-06-23 00:00:00
|w 2026-02-24
|
| 952 |
|
|
|a SNK
|b SNK
|y PREZ
|7 0
|p 17A0586665
|o snkSC 131776/príl.
|i snk2008/9090
|8 0
|3 Príloha: 1 DVD
|z Príloha
|0 0
|1 0
|4 0
|d 2008-04-22
|l 0
|r 2025-06-23 00:00:00
|w 2026-02-24
|
| 952 |
|
|
|a SNK
|b SNK
|y PREZ
|7 0
|p 17A1125468
|o snkSC 131776/príl. D1
|i snk5017/5840
|8 7
|z 1 príloha CD
|0 0
|1 0
|4 0
|d 2017-03-08
|l 0
|r 2026-02-24 16:39:51
|w 2026-02-24
|
| 952 |
|
|
|a SNK
|b SNK
|y PREZ
|7 0
|p 17A1125464
|o snkSC 131776 D1
|i snk2017/5840
|8 7
|0 0
|1 0
|4 0
|d 2017-03-02
|l 0
|r 2026-02-24 16:39:51
|w 2026-02-24
|